[Event "FRA-chT"]
[Site "FRA"]
[Date "1998.04.04"]
[Round "6"]
[White "Samara, Fred"]
[Black "Pecot, Laurent"]
[Result "0-1"]
[WhiteElo "2195"]
[BlackElo "2210"]
[PlyCount "108"]
[EventDate "1998.02.06"]
[Source "ChesBase"]
[SourceDate "1998.07.07"]

1. e4 d5 2. exd5 Nf6 3. d4 Nxd5 4. Nf3 g6 5. Be2 Bg7 6. O-O O-O 7. c4 Nb6 8.
Nc3 Nc6 9. Be3 Bg4 10. d5 Bxf3 11. gxf3 Nb8 12. Qd2 c6 13. Rad1 cxd5 14. cxd5
Nc8 15. Ne4 Nd6 16. Bh6 Bxh6 17. Qxh6 Nf5 18. Qf4 Nd7 19. Ng3 Nd6 20. Qh6 Nf6
21. Rd4 Qc8 22. Rc1 Nf5 23. Rxc8 Nxh6 24. Rc7 Rfd8 25. Bc4 Rd7 26. d6 e5 27.
Rd3 Rad8 28. Rxd7 Nxd7 29. Ne4 Kg7 30. Bb5 Nf5 31. Bxd7 Rxd7 32. Rc3 Rd8 33.
Rc7 Nxd6 34. Nxd6 Rxd6 35. Rxb7 Ra6 36. a3 Kf6 37. Kf1 Ke6 38. Ke2 h5 39. Kd3
Ra4 40. Kc3 a5 41. Rb5 Rf4 42. Rxa5 Rxf3+ 43. Kc4 Rxf2 44. b4 Rc2+ 45. Kd3 Rxh2
46. b5 h4 47. Ra8 h3 48. Kc3 Rh1 49. Kb2 h2 50. Rh8 Kd5 51. a4 Kc5 52. Rc8+ Kb6
53. Rb8+ Ka7 54. Rh8 e4 0-1

[Event "FRA-chT"]
[Site "FRA"]
[Date "1998.04.04"]
[Round "6"]
[White "Siegel, Georg"]
[Black "Verdier, Patrice"]
[Result "1/2-1/2"]
[WhiteElo "2540"]
[BlackElo "2315"]
[PlyCount "60"]
[EventDate "1998.02.06"]
[Source "ChesBase"]
[SourceDate "1998.07.07"]

1. d4 Nf6 2. Nf3 c5 3. c4 cxd4 4. Nxd4 e5 5. Nb5 d5 6. cxd5 Bc5 7. N5c3 O-O 8.
e3 e4 9. Nd2 Bf5 10. Be2 Qe7 11. a3 a5 12. Nb3 Rd8 13. Nxc5 Qxc5 14. Qb3 Nxd5
15. Bd2 Nc6 16. Nxd5 Qxd5 17. Qxd5 Rxd5 18. O-O-O b5 19. Bc3 Rc5 20. Kb1 b4 21.
axb4 axb4 22. Bd4 Rca5 23. Bb6 Ra1+ 24. Kc2 b3+ 25. Kc3 R1a2 26. Rd5 Be6 27.
Rc5 Ra1 28. Rxa1 Rxa1 29. Kd2 Rb1 30. Kc3 Rc1+ 1/2-1/2

[Event "FRA-chT"]
[Site "FRA"]
[Date "1998.04.04"]
[Round "6"]
[White "Stromer, Alexander"]
[Black "Kelly, Bryan"]
[Result "0-1"]
[WhiteElo "2300"]
[BlackElo "2390"]
[PlyCount "100"]
[EventDate "1998.02.06"]
[Source "ChesBase"]
[SourceDate "1998.07.07"]

1. d4 d5 2. c4 e6 3. Nc3 c6 4. e4 dxe4 5. Nxe4 Bb4+ 6. Bd2 Qxd4 7. Bxb4 Qxe4+
8. Be2 Ne7 9. Qd2 Ng6 10. O-O-O Qf4 11. Nh3 Qxd2+ 12. Rxd2 Na6 13. Bd6 f6 14.
f4 Kf7 15. Re1 Rd8 16. a3 Nh4 17. c5 Nf5 18. Bc4 b5 19. Ba2 h5 20. Nf2 g6 21.
Ne4 Re8 22. g3 Bb7 23. h3 Rad8 24. g4 Nh6 25. f5 gxf5 26. gxf5 Nxf5 27. Rf1
Rxd6 28. Rxd6 Nxc5 29. Rxf5 Nxe4 30. Rd4 c5 31. Rd7+ Re7 32. Rxe7+ Kxe7 33.
Rxh5 Kd6 34. Rh7 Bc6 35. h4 f5 36. h5 Nf6 37. Rh8 f4 38. h6 f3 39. Kd2 Be4 40.
Bb3 c4 41. Bd1 f2 42. Ke2 Ng4 43. Rf8 Bd3+ 44. Kd2 Ke7 45. Rf3 e5 46. Be2 e4
47. h7 exf3 48. h8=Q fxe2 49. Qg7+ Kd6 50. Qf8+ Ke5 0-1

[Event "FRA-chT"]
[Site "FRA"]
[Date "1998.04.04"]
[Round "6"]
[White "Szabolcsi, Janos"]
[Black "Lepelletier, Benoit"]
[Result "0-1"]
[WhiteElo "2390"]
[BlackElo "2455"]
[PlyCount "116"]
[EventDate "1998.02.06"]
[Source "ChesBase"]
[SourceDate "1998.07.07"]

1. d4 Nf6 2. Nf3 e6 3. Bf4 c5 4. c3 b6 5. Nbd2 Bb7 6. e3 cxd4 7. exd4 Be7 8. h3
O-O 9. Bd3 Nc6 10. O-O d6 11. Qe2 Qd7 12. Rad1 Rfe8 13. Rfe1 h6 14. a3 Bf8 15.
Bh2 Rad8 16. Bb5 Qc8 17. c4 Qa8 18. b4 Rc8 19. Qd3 Red8 20. Ba4 a5 21. b5 Nb8
22. Bc2 Nbd7 23. Re3 d5 24. Ne5 Nxe5 25. Bxe5 dxc4 26. Nxc4 Be4 27. Qe2 Bxc2
28. Qxc2 Qd5 29. Rc1 Qxb5 30. Rb3 Qd5 31. a4 Nd7 32. Rb5 Qc6 33. Bf4 Nf6 34.
Qb2 Qe4 35. Be5 Nd5 36. f3 Qd3 37. Rb3 Qf5 38. Nxb6 Rxc1+ 39. Qxc1 f6 40. Bg3
Nxb6 41. Rxb6 Rxd4 42. Rb8 Rb4 43. Rxf8+ Kxf8 44. Bd6+ Kg8 45. Bxb4 axb4 46.
Qc4 Qb1+ 47. Kh2 b3 48. a5 Qc2 49. Qa4 Qc7+ 50. f4 b2 51. Qe4 Qxa5 52. Qxe6+
Kh7 53. Qe4+ f5 54. Qd3 Qb6 55. Qb1 Kh8 56. h4 Qf2 57. h5 Qxf4+ 58. g3 Qc1 0-1

[Event "FRA-chT"]
[Site "FRA"]
[Date "1998.04.04"]
[Round "6"]
[White "Weill, Roland"]
[Black "Sokolov, Andrei"]
[Result "0-1"]
[WhiteElo "2300"]
[BlackElo "2580"]
[PlyCount "40"]
[EventDate "1998.02.06"]
[Source "ChesBase"]
[SourceDate "1998.07.07"]

1. e4 c5 2. Nc3 Nc6 3. f4 g6 4. Nf3 Bg7 5. Bb5 Nd4 6. Nxd4 cxd4 7. Ne2 Nf6 8.
Ng3 h5 9. e5 Ng4 10. Qf3 O-O 11. O-O d6 12. d3 h4 13. e6 hxg3 14. Qxg4 gxh2+
15. Kh1 Bxe6 16. f5 Bxf5 17. Rxf5 gxf5 18. Qg3 e5 19. Bg5 f4 20. Qg4 Qc8 0-1

[Event "FRA-chT"]
[Site "FRA"]
[Date "1998.04.05"]
[Round "7"]
[White "Afek, Yochanan"]
[Black "Stromer, Alexander"]
[Result "1-0"]
[WhiteElo "2390"]
[BlackElo "2300"]
[PlyCount "85"]
[EventDate "1998.02.06"]
[Source "ChesBase"]
[SourceDate "1998.07.07"]

1. e4 d5 2. exd5 Qxd5 3. Nc3 Qa5 4. d4 c6 5. Bd3 Nf6 6. Bd2 Qb6 7. Nge2 Qxb2 8.
Rb1 Qa3 9. O-O e6 10. Ng3 Qd6 11. Nce4 Nxe4 12. Nxe4 Qd8 13. Re1 Be7 14. c4 Nd7
15. d5 Ne5 16. Bc3 cxd5 17. cxd5 Nxd3 18. Qxd3 f5 19. Ng3 O-O 20. Nh5 Rf7 21.
Rbd1 exd5 22. Qf3 Bf8 23. Rxd5 Qg5 24. Bd2 Qg4 25. Qxg4 fxg4 26. Re8 Re7 27.
Rxf8+ Kxf8 28. Bb4 a5 29. Rd8+ Kf7 30. Bxe7 Kxe7 31. Rg8 g6 32. Nf4 b5 33. g3
Kf7 34. Rh8 h5 35. Nd5 Bb7 36. Rh7+ Ke6 37. Nf4+ Kf5 38. Rxb7 b4 39. Kf1 g5 40.
Rb5+ Ke4 41. Nxh5 Rh8 42. Nf6+ Kd3 43. Nxg4 1-0

[Event "FRA-chT"]
[Site "FRA"]
[Date "1998.04.05"]
[Round "7"]
[White "Apicella, Manuel"]
[Black "Flouzat, Jean Marc"]
[Result "1-0"]
[WhiteElo "2520"]
[BlackElo "2225"]
[PlyCount "47"]
[EventDate "1998.02.06"]
[Source "ChesBase"]
[SourceDate "1998.07.07"]

1. e4 c6 2. d4 d5 3. e5 Bf5 4. Nc3 e6 5. g4 Bg6 6. Nge2 c5 7. Be3 Nc6 8. dxc5
Nxe5 9. Nf4 d4 10. Bb5+ Ke7 11. Nxg6+ hxg6 12. Bf4 f6 13. Bxe5 fxe5 14. Qf3 Rc8
15. O-O-O Rxc5 16. g5 Rh4 17. Qxb7+ Rc7 18. Qa6 Rf4 19. Rhe1 Kf7 20. Rxe5 Bd6
21. Re2 dxc3 22. Rxd6 Qxg5 23. Rd7+ Kf8 24. Qd6+ 1-0

[Event "FRA-chT"]
[Site "FRA"]
[Date "1998.04.05"]
[Round "7"]
[White "Berend, Elvira S"]
[Black "Varlet, Nicolas"]
[Result "1/2-1/2"]
[WhiteElo "2345"]
[BlackElo "2230"]
[PlyCount "88"]
[EventDate "1998.02.06"]
[Source "ChesBase"]
[SourceDate "1998.07.07"]

1. g3 Nf6 2. Bg2 d5 3. Nf3 g6 4. c4 Bg7 5. cxd5 Nxd5 6. O-O O-O 7. Nc3 Nxc3 8.
bxc3 c5 9. Qb3 Nd7 10. Rb1 Qc7 11. d4 Rb8 12. Rd1 b6 13. d5 Ne5 14. Nxe5 Bxe5
15. f4 c4 16. Qc2 Bd6 17. e4 f6 18. Be3 Bd7 19. Bd4 g5 20. fxg5 fxg5 21. Qe2 e5
22. dxe6 Bxe6 23. Qh5 Qe7 24. Rb5 Bc5 25. Bxc5 bxc5 26. Rdb1 Rxb5 27. Rxb5 Qf6
28. h3 Bf7 29. Qg4 Be6 30. Qh5 Bf7 31. Qd1 Qxc3 32. Kh2 Qe5 33. Qg1 Re8 34. Qf2
h5 35. Rb2 h4 36. Rc2 Rd8 37. Bf1 Rd4 38. Rc3 Rxe4 39. Rf3 Be6 40. Kg1 Qd4 41.
gxh4 Qxf2+ 42. Kxf2 gxh4 43. Ra3 Rf4+ 44. Ke1 Rf7 1/2-1/2

[Event "FRA-chT"]
[Site "FRA"]
[Date "1998.04.05"]
[Round "7"]
[White "Boudre, Jean Pierre"]
[Black "Blachier, Pierre"]
[Result "1/2-1/2"]
[WhiteElo "2380"]
[BlackElo "2145"]
[PlyCount "97"]
[EventDate "1998.02.06"]
[Source "ChesBase"]
[SourceDate "1998.07.07"]

1. e4 Nf6 2. e5 Nd5 3. d4 d6 4. Nf3 Bg4 5. Be2 e6 6. O-O Be7 7. c4 Nb6 8. Nc3
O-O 9. Be3 a5 10. b3 d5 11. h3 Bh5 12. c5 Nc8 13. g4 Bg6 14. Ne1 f6 15. exf6
Bxf6 16. f4 c6 17. Nf3 Nd7 18. Rc1 Be7 19. Ne5 Nxe5 20. dxe5 b6 21. Na4 b5 22.
Nb2 Ra7 23. Qd4 Bh4 24. Kh2 Raf7 25. Nd3 Be4 26. f5 exf5 27. Nf4 Re7 28. Ng2
Bxg2 29. Kxg2 f4 30. Bxf4 Ref7 31. Bd3 g6 32. Rcd1 Bg5 33. Bg3 Rxf1 34. Rxf1
Rxf1 35. Bxf1 Qe7 36. a3 Qe6 37. Be2 h6 38. Bd1 Kg7 39. Qc3 Bd8 40. Bf4 Ne7 41.
Qe3 Ng8 42. Bc2 Bc7 43. Bg3 Bd8 44. Qf2 Bc7 45. Qf4 Bd8 46. h4 Qd7 47. Qd4 Qe6
48. Qf4 Qd7 49. Qd4 1/2-1/2

[Event "FRA-chT"]
[Site "FRA"]
[Date "1998.04.05"]
[Round "7"]
[White "Bouhallel, Rabah"]
[Black "Lecuyer, Christian"]
[Result "1/2-1/2"]
[WhiteElo "2255"]
[BlackElo "2265"]
[PlyCount "77"]
[EventDate "1998.02.06"]
[Source "ChesBase"]
[SourceDate "1998.07.07"]

1. d4 Nf6 2. Nf3 e6 3. c4 b6 4. g3 Ba6 5. b3 b5 6. Bg2 bxc4 7. Ne5 c6 8. bxc4
Be7 9. O-O O-O 10. Qa4 d5 11. Nc3 Nfd7 12. Nxc6 Nxc6 13. Qxa6 Nxd4 14. cxd5 Rc8
15. d6 Bf6 16. Bd2 Nc5 17. Qxa7 Qxd6 18. Rac1 Nxe2+ 19. Nxe2 Qxd2 20. Rxc5 Qxe2
21. Rxc8 Rxc8 22. a4 g6 23. a5 Qd2 24. a6 Bd4 25. Qb7 Rc1 26. Rxc1 Qxc1+ 27.
Bf1 Qd2 28. Qf3 Kg7 29. Kg2 Bc5 30. Bc4 Qd4 31. Bd3 h5 32. h4 Bb6 33. Be2 Bc5
34. Bf1 Bb6 35. Be2 Bc5 36. Bb5 Kf8 37. Bd3 Kg7 38. Bf1 Bb6 39. Be2 1/2-1/2

[Event "FRA-chT"]
[Site "FRA"]
[Date "1998.04.05"]
[Round "7"]
[White "Brochet, Philippe"]
[Black "Kappler, Jean Marie"]
[Result "1-0"]
[WhiteElo "2270"]
[BlackElo "2255"]
[PlyCount "93"]
[EventDate "1998.02.06"]
[Source "ChesBase"]
[SourceDate "1998.07.07"]

1. e4 e6 2. d4 d5 3. Nd2 Nf6 4. e5 Nfd7 5. Bd3 c5 6. c3 Nc6 7. Ngf3 Qb6 8. O-O
g6 9. c4 Bg7 10. Qe2 Nxd4 11. Nxd4 cxd4 12. f4 O-O 13. b3 f6 14. Ba3 Nc5 15.
Rac1 fxe5 16. Bxc5 Qxc5 17. cxd5 Qxd5 18. Be4 d3 19. Qg4 Qd4+ 20. Kh1 Qe3 21.
Rc7 exf4 22. Rd1 Rf7 23. Rxf7 Kxf7 24. Nc4 Qc5 25. Qxf4+ Kg8 26. Rxd3 Qf8 27.
Qc1 Rb8 28. Qd1 Bf6 29. Ne5 Qe7 30. Ng4 Bg7 31. Rd8+ Bf8 32. Ne5 Qc5 33. Nd7
Bxd7 34. Rxb8 Bc6 35. Bxc6 Qxc6 36. Rd8 Qe4 37. Qf1 Qb4 38. Re8 Qd6 39. Ra8 a6
40. Qf3 Qb4 41. Qe2 Kf7 42. Rb8 Be7 43. Qf2+ Kg7 44. Rc8 Bd6 45. Rc4 Qb5 46.
Qd4+ Be5 47. Rc7+ 1-0

[Event "FRA-chT"]
[Site "FRA"]
[Date "1998.04.05"]
[Round "7"]
[White "Brossard, Armel"]
[Black "Glavina, Pablo"]
[Result "0-1"]
[WhiteElo "2210"]
[BlackElo "2425"]
[PlyCount "71"]
[EventDate "1998.02.06"]
[Source "ChesBase"]
[SourceDate "1998.07.07"]

1. e4 c6 2. d4 g6 3. Nc3 d5 4. Nf3 Nh6 5. Be2 f6 6. O-O Nf7 7. b3 Bg7 8. Bb2
O-O 9. Re1 Re8 10. Bf1 b6 11. h3 Bb7 12. e5 fxe5 13. Nxe5 Nxe5 14. dxe5 e6 15.
f4 Nd7 16. Qg4 Qe7 17. Ne2 c5 18. Ng3 Qf7 19. Bd3 a6 20. Rf1 b5 21. c4 bxc4 22.
bxc4 dxc4 23. Bxc4 Nb6 24. Rac1 Nxc4 25. Rxc4 Bd5 26. Rxc5 Rac8 27. Rfc1 Rxc5
28. Rxc5 h5 29. Qg5 Kh7 30. Ne2 Rf8 31. Bc1 Qb7 32. Be3 Qb1+ 33. Kh2 Qd3 34.
Rc7 Qxe3 35. Qe7 Rg8 36. f5 0-1

[Event "FRA-chT"]
[Site "FRA"]
[Date "1998.04.05"]
[Round "7"]
[White "Chabanon, Jean Luc"]
[Black "Koch, Jean Rene"]
[Result "1-0"]
[WhiteElo "2465"]
[BlackElo "2490"]
[PlyCount "123"]
[EventDate "1998.02.06"]
[Source "ChesBase"]
[SourceDate "1998.07.07"]

1. d4 Nf6 2. Nf3 e6 3. c4 c5 4. d5 b5 5. Bg5 b4 6. dxe6 fxe6 7. e4 Qc7 8. e5
Ng4 9. Bf4 Nc6 10. Nbd2 g6 11. Ne4 Ngxe5 12. Nxe5 Nxe5 13. Bg3 Be7 14. Qd2 O-O
15. O-O-O Rf5 16. h4 Bb7 17. Ng5 d5 18. Nxe6 Qa5 19. Qh6 Bf8 20. Nxf8 Raxf8 21.
Kb1 Ng4 22. Qc1 d4 23. Bd3 Rxf2 24. Qg5 Rxb2+ 25. Kxb2 Qa3+ 26. Kb1 b3 27. Qd2
Ne3 28. Qb2 bxa2+ 29. Qxa2 Qb4+ 30. Qb2 Qxb2+ 31. Kxb2 Bxg2 32. Bd6 Re8 33.
Rdg1 Bxh1 34. Rxh1 Re6 35. Bf4 Rb6+ 36. Ka3 Ra6+ 37. Kb2 Rb6+ 38. Kc1 Rb3 39.
Bxe3 Rxd3 40. Bd2 Kg7 41. Re1 Kf6 42. Re8 Rh3 43. Rc8 Rxh4 44. Rxc5 Rg4 45. Kc2
h5 46. Ra5 Ke6 47. Rxa7 h4 48. Ra6+ Ke5 49. Ra8 g5 50. Re8+ Kd6 51. Kd3 Rg1 52.
Rd8+ Ke6 53. c5 Ke7 54. Rh8 Kd7 55. Rh6 Rd1 56. Ke2 Ra1 57. c6+ Kc7 58. Bxg5
Ra2+ 59. Kf3 d3 60. Bf4+ Kb6 61. c7+ Kb7 62. Rh8 1-0

[Event "FRA-chT"]
[Site "FRA"]
[Date "1998.04.05"]
[Round "7"]
[White "Collas, Didier"]
[Black "Relange, Eloi"]
[Result "1/2-1/2"]
[WhiteElo "2355"]
[BlackElo "2490"]
[PlyCount "30"]
[EventDate "1998.02.06"]
[Source "ChesBase"]
[SourceDate "1998.07.07"]

1. Nf3 Nf6 2. g3 g6 3. Bg2 Bg7 4. O-O O-O 5. c4 d6 6. Nc3 e5 7. d3 Nc6 8. Rb1
a5 9. a3 Nd4 10. b4 axb4 11. axb4 c6 12. b5 Bg4 13. bxc6 bxc6 14. Nxd4 exd4 15.
Ne4 Nxe4 1/2-1/2

[Event "FRA-chT"]
[Site "FRA"]
[Date "1998.04.05"]
[Round "7"]
[White "Cramling, Pia"]
[Black "Salus, Stephane"]
[Result "1/2-1/2"]
[WhiteElo "2535"]
[BlackElo "2200"]
[PlyCount "63"]
[EventDate "1998.02.06"]
[Source "ChesBase"]
[SourceDate "1998.07.07"]

1. d4 Nf6 2. Nf3 c5 3. d5 d6 4. c4 e5 5. Nc3 Be7 6. e4 Nbd7 7. h3 h5 8. Be3 h4
9. a3 g6 10. Bd3 Kf8 11. b4 b6 12. Rb1 Kg7 13. Qa4 Nf8 14. bxc5 bxc5 15. Bd2
Nh5 16. Ne2 Nh7 17. Ba5 Qe8 18. Qxe8 Rxe8 19. O-O Ng5 20. Nxg5 Bxg5 21. Bc7 Be7
22. Rb2 f5 23. Nc3 Nf4 24. Rd1 Nxd3 25. Rxd3 Ba6 26. Nb5 fxe4 27. Re3 Bxb5 28.
Rxb5 Rac8 29. Rb7 Kf6 30. Rxe4 Bf8 31. Ba5 Rb8 32. Rd7 1/2-1/2

[Event "FRA-chT"]
[Site "FRA"]
[Date "1998.04.05"]
[Round "7"]
[White "Cursoux, Laurent"]
[Black "Miralles, Gilles"]
[Result "0-1"]
[WhiteElo "2190"]
[BlackElo "2520"]
[PlyCount "92"]
[EventDate "1998.02.06"]
[Source "ChesBase"]
[SourceDate "1998.07.07"]

1. e4 e5 2. Nf3 Nc6 3. d4 exd4 4. Nxd4 Bc5 5. Be3 Qf6 6. c3 Nge7 7. Be2 d6 8.
O-O Bd7 9. a4 Bb6 10. Na3 O-O 11. b4 Qg6 12. Kh1 Qxe4 13. Bd3 Qg4 14. Qe1 Bxd4
15. cxd4 Nd5 16. f3 Qh5 17. Bd2 Rfe8 18. Qf2 Ndxb4 19. Bb1 Qd5 20. Nb5 Rac8 21.
Be4 Qc4 22. Rfc1 Nd3 23. Bxh7+ Kf8 24. Qh4 Nxc1 25. Rxc1 Qa2 26. Bc2 f6 27. Nc3
Qf7 28. Rb1 Na5 29. Ne4 Nc4 30. Bb3 Be6 31. Bb4 Kg8 32. Re1 d5 33. Ng3 g5 34.
Qh6 Qg7 35. Qxg7+ Kxg7 36. Nh5+ Kf7 37. g4 Bd7 38. Rc1 Re3 39. Bd1 a5 40. Bc3
Rce8 41. Kg2 Rd3 42. Kf2 Ree3 43. Be1 Ra3 44. Ng3 Ra2+ 45. Be2 Re7 46. Rxc4
dxc4 0-1

[Event "FRA-chT"]
[Site "FRA"]
[Date "1998.04.05"]
[Round "7"]
[White "Dieu, Bruno"]
[Black "Solakian, Jerome"]
[Result "0-1"]
[WhiteElo "2275"]
[BlackElo "2225"]
[PlyCount "144"]
[EventDate "1998.02.06"]
[Source "ChesBase"]
[SourceDate "1998.07.07"]

1. d4 Nf6 2. c4 g6 3. Nc3 Bg7 4. e4 O-O 5. Nge2 c5 6. d5 d6 7. Ng3 e6 8. Be2
exd5 9. exd5 Ne8 10. Bd2 Nd7 11. Qc1 a6 12. O-O Rb8 13. a4 b6 14. Bg5 f6 15.
Bh6 f5 16. Bxg7 Kxg7 17. f4 Nc7 18. Bd3 Nf6 19. b3 Bd7 20. Nd1 Ng8 21. Ne3 Kf7
22. Qd2 Re8 23. Nc2 Qf6 24. Kh1 a5 25. Ne2 Re7 26. Ng1 Rbe8 27. Nf3 Kg7 28. h3
Kh8 29. Rab1 Qg7 30. Rbe1 Rxe1 31. Rxe1 Rxe1+ 32. Qxe1 Qe7 33. Ne5 dxe5 34.
fxe5 Ne8 35. Qa1 Ng7 36. Ne1 Nh6 37. Nf3 Nf7 38. Qc3 Kg8 39. Kh2 Nh5 40. Bf1
Bc8 41. g3 g5 42. e6 Bxe6 43. dxe6 Qxe6 44. Qd2 h6 45. Bg2 Nf6 46. Ng1 Ne4 47.
Qd3 Nfd6 48. Ne2 Qe5 49. Bf3 Kg7 50. Kg2 Kf6 51. Bh5 Qb2 52. Bf3 Qd2 53. Bxe4
Nxe4 54. Qf3 Ke5 55. Qh5 Nf6 56. Qf3 Qc2 57. h4 Qe4 58. hxg5 hxg5 59. Nc3 g4
60. Qxe4+ Nxe4 61. Nd5 Nd2 62. Kf2 Nxb3 63. Ke3 Nd4 64. Nxb6 Nc2+ 65. Kd3 f4
66. Nd7+ Kd6 67. Nf6 fxg3 68. Ne4+ Ke5 69. Nxg3 Kf4 70. Nf1 g3 71. Nxg3 Kxg3
72. Kxc2 Kf4 0-1

[Event "FRA-chT"]
[Site "FRA"]
[Date "1998.04.05"]
[Round "7"]
[White "Dorfman, Josif D"]
[Black "Ekstroem, Roland"]
[Result "0-1"]
[WhiteElo "2600"]
[BlackElo "2490"]
[PlyCount "152"]
[EventDate "1998.02.06"]
[Source "ChesBase"]
[SourceDate "1998.07.07"]

1. Nf3 d5 2. d4 Nf6 3. c4 e6 4. Nc3 dxc4 5. e4 Bb4 6. Bg5 c5 7. Bxc4 cxd4 8.
Nxd4 Qa5 9. Bd2 Qc5 10. Bb5+ Bd7 11. Nb3 Qe7 12. Bd3 Nc6 13. O-O O-O 14. a3 Bd6
15. f4 e5 16. f5 Nd4 17. Bg5 Bc6 18. Na5 h6 19. Bh4 Bc7 20. Nxc6 bxc6 21. Qa4
Bb6 22. Kh1 Qd6 23. Qb4 Rfd8 24. Rad1 Rd7 25. Qxd6 Rxd6 26. h3 Rad8 27. Bb1 Kf8
28. Bg3 Nd7 29. Na4 f6 30. Be1 Nxf5 31. Rc1 Nd4 32. Ba2 Rc8 33. Kh2 Ke8 34. Bb4
c5 35. Be1 Kd8 36. Nc3 Ba5 37. Bg3 Bxc3 38. Rxc3 Rb8 39. b3 Ne2 40. Re3 Rd2 41.
Ra1 Nf4 42. Be1 Rxg2+ 43. Kh1 Re2 44. Rxe2 Nxe2 45. b4 Nd4 46. Rd1 cxb4 47.
Bxb4 Rc8 48. Bb1 Nc5 49. Kg2 Kd7 50. Kg3 Ncb3 51. Bd3 a5 52. Be1 Ke6 53. h4 g6
54. h5 gxh5 55. Kh4 Nf3+ 56. Kxh5 Nxe1 57. Rxe1 Rc3 58. Be2 Nc5 59. Bg4+ Ke7
60. Bf5 Rxa3 61. Rc1 Kd6 62. Kg6 Re3 63. Ra1 a4 64. Kxf6 Nxe4+ 65. Kg6 Nc5 66.
Kxh6 e4 67. Kg5 Ke5 68. Bg4 a3 69. Bh5 Rg3+ 70. Kh4 Rc3 71. Kg4 Nd3 72. Bf7 Nb4
73. Rh1 Rc7 74. Rh5+ Kd4 75. Be6 Rg7+ 76. Kf4 Re7 0-1

[Event "FRA-chT"]
[Site "FRA"]
[Date "1998.04.05"]
[Round "7"]
[White "Duquesnoy, Jean Philip"]
[Black "Hebden, Mark"]
[Result "0-1"]
[WhiteElo "2240"]
[BlackElo "2585"]
[PlyCount "74"]
[EventDate "1998.02.06"]
[Source "ChesBase"]
[SourceDate "1998.07.07"]

1. d4 Nf6 2. c4 g6 3. Nc3 Bg7 4. e4 d6 5. f3 O-O 6. Be3 a5 7. Bd3 Nc6 8. Nge2
Nd7 9. Bc2 e5 10. d5 Nb4 11. Bb1 Bh6 12. Bf2 f5 13. a3 Na6 14. b4 Nf6 15. exf5
gxf5 16. O-O Bd7 17. Qb3 Qe8 18. Kh1 Kh8 19. Ng3 Nh5 20. Nxh5 Qxh5 21. Ne2 Rg8
22. Ng3 Qg5 23. Rg1 b6 24. Ra2 Raf8 25. Re2 Rf6 26. Bd3 Bc8 27. Qb1 axb4 28.
axb4 Bf8 29. Be3 Qg6 30. Ra2 Qf7 31. Bf2 Bh6 32. c5 Bf4 33. Nf1 Rh6 34. g3 Qxd5
35. Be2 Nxb4 36. Qxb4 Qxa2 37. Bc4 Qxf2 0-1

[Event "FRA-chT"]
[Site "FRA"]
[Date "1998.04.05"]
[Round "7"]
[White "Eliet, Nicolas"]
[Black "Sellos, Didier"]
[Result "1-0"]
[WhiteElo "2355"]
[BlackElo "2405"]
[PlyCount "65"]
[EventDate "1998.02.06"]
[Source "ChesBase"]
[SourceDate "1998.07.07"]

1. d4 Nf6 2. Nf3 e6 3. Bg5 c5 4. e3 d5 5. Nbd2 Nc6 6. c3 Qb6 7. Rb1 Be7 8. Bd3
h6 9. Bh4 Bd7 10. Qe2 a6 11. O-O g5 12. Bg3 Nh5 13. Be5 Rg8 14. dxc5 Qxc5 15.
b4 Qa7 16. Bd4 Qb8 17. b5 axb5 18. Bxb5 Bd6 19. Bxc6 Bxc6 20. Ne5 Bxe5 21. Qxh5
Rxa2 22. Nf3 Bd6 23. Qxh6 g4 24. Qh7 Rf8 25. Ng5 e5 26. Bb6 Be7 27. Qg7 Bd7 28.
Nh7 Bf5 29. Nxf8 Bxf8 30. Qg8 Qd6 31. Rb5 Bd3 32. Bc5 Qh6 33. Rxb7 1-0

[Event "FRA-chT"]
[Site "FRA"]
[Date "1998.04.05"]
[Round "7"]
[White "Ferguson, Mark"]
[Black "Fontaine, Robert"]
[Result "1/2-1/2"]
[WhiteElo "2410"]
[BlackElo "2365"]
[PlyCount "100"]
[EventDate "1998.02.06"]
[Source "ChesBase"]
[SourceDate "1998.07.07"]

1. e4 c6 2. d4 d5 3. e5 c5 4. dxc5 e6 5. Be3 Nh6 6. c3 Nf5 7. Bd4 Bd7 8. Nf3
Nc6 9. Na3 Nfxd4 10. cxd4 b6 11. Rc1 bxc5 12. dxc5 Qb8 13. Bb5 Nxe5 14. Bxd7+
Nxd7 15. Qa4 Be7 16. O-O Qc8 17. Ne5 a6 18. Rfe1 g6 19. Re3 Bg5 20. f4 Bf6 21.
Kh1 Bxe5 22. fxe5 O-O 23. Qf4 Qc7 24. Qd4 f6 25. exf6 Rxf6 26. b4 Raf8 27. Ree1
Rf4 28. Qd3 R8f6 29. Qxa6 Ne5 30. Nb5 Qf7 31. Nd6 Qf8 32. h3 Nc4 33. Nxc4 dxc4
34. Rxc4 Rf2 35. Rxe6 Rf1+ 36. Kh2 R6f2 37. Qc6 Rxg2+ 38. Qxg2 Rf2 39. Rce4 Qf3
40. Re8+ Kg7 41. R8e7+ Kf8 42. Re8+ Kg7 43. Rg4 Rxg2+ 44. Rxg2 Qf4+ 45. Kh1
Qf1+ 46. Kh2 Qf4+ 47. Kg1 Qc1+ 48. Kf2 Qf4+ 49. Kg1 Qc1+ 50. Kf2 Qf4+ 1/2-1/2

[Event "FRA-chT"]
[Site "FRA"]
[Date "1998.04.05"]
[Round "7"]
[White "Flear, Christine"]
[Black "Lefebvre, Herve"]
[Result "1/2-1/2"]
[WhiteElo "2240"]
[BlackElo "2125"]
[PlyCount "95"]
[EventDate "1998.02.06"]
[Source "ChesBase"]
[SourceDate "1998.07.07"]

1. d4 Nf6 2. Nf3 g6 3. g3 Bg7 4. Bg2 O-O 5. c4 d6 6. Nc3 c6 7. O-O Qa5 8. e4 e5
9. h3 Nbd7 10. Re1 exd4 11. Nxd4 Re8 12. Be3 Qc7 13. Qc2 a6 14. Rad1 Rb8 15. f4
c5 16. Nf3 Nb6 17. b3 Nxe4 18. Nxe4 Rxe4 19. Qd2 Bf8 20. Ng5 Re8 21. Ne4 Rxe4
22. Bxe4 Bxh3 23. f5 d5 24. Bf4 Bd6 25. cxd5 Bg4 26. Rc1 gxf5 27. Bg2 Rd8 28.
Bxd6 Qxd6 29. Qg5+ Kf8 30. Re3 Nc8 31. Rce1 b5 32. Qf4 Qxf4 33. gxf4 Nd6 34.
Rc3 c4 35. bxc4 Nxc4 36. a4 Rd6 37. axb5 axb5 38. Rb1 Rg6 39. Rxb5 Nd6 40. Rb6
h5 41. Kh2 h4 42. Rcc6 Ke7 43. Rc7+ Kf8 44. Rd7 Ne4 45. Rxg6 fxg6 46. Rh7 Nf6
47. Ra7 Ne4 48. Rh7 1/2-1/2

[Event "FRA-chT"]
[Site "FRA"]
[Date "1998.04.05"]
[Round "7"]
[White "Gallagher, Joseph G"]
[Black "Riff, Sebastien"]
[Result "1-0"]
[WhiteElo "2490"]
[BlackElo "2235"]
[PlyCount "75"]
[EventDate "1998.02.06"]
[Source "ChesBase"]
[SourceDate "1998.07.07"]

1. e4 c5 2. Nf3 d6 3. d4 cxd4 4. Nxd4 Nf6 5. Nc3 e6 6. g4 h6 7. h4 Nc6 8. Rg1
h5 9. gxh5 Nxh5 10. Bg5 Nf6 11. Be2 a6 12. Qd2 Qb6 13. Nb3 Qc7 14. O-O-O Bd7
15. h5 Nh7 16. Be3 b5 17. a3 Nf6 18. f4 Bc8 19. Bf3 Bb7 20. Qe2 O-O-O 21. Kb1
Nd7 22. Qf2 Kb8 23. Rd3 Na5 24. Nxa5 Qxa5 25. Bd4 Rh7 26. Qd2 Qc7 27. Bf2 Be7
28. Qe3 Nc5 29. Rd2 Ba8 30. Na2 Rc8 31. Rc1 Na4 32. c4 Qd7 33. c5 d5 34. exd5
Bxd5 35. c6 Qc7 36. Bxd5 exd5 37. Rxd5 Rd8 38. Nb4 1-0

[Event "FRA-chT"]
[Site "FRA"]
[Date "1998.04.05"]
[Round "7"]
[White "Hagege, Gerard"]
[Black "Benitah, Yohan"]
[Result "0-1"]
[WhiteElo "2205"]
[BlackElo "2345"]
[PlyCount "105"]
[EventDate "1998.02.06"]
[Source "ChesBase"]
[SourceDate "1998.07.07"]

1. e4 e6 2. d4 d5 3. e5 c5 4. c3 Nc6 5. Nf3 Bd7 6. Be2 Nh6 7. O-O Nf5 8. Bd3
Nh4 9. Nbd2 Nxf3+ 10. Nxf3 Qb6 11. dxc5 Bxc5 12. b4 Be7 13. a4 Qc7 14. Re1 f5
15. Ba3 a6 16. Rc1 Na5 17. Nd2 Nc4 18. Bxc4 dxc4 19. Nf3 Bc6 20. Nd4 Qd7 21. a5
O-O 22. Qe2 Bd5 23. Rcd1 Rfd8 24. Bc1 Qc7 25. Qh5 b6 26. axb6 Qxb6 27. Re3 Qc7
28. Rde1 g6 29. Rg3 Bf6 30. Qe2 Bg7 31. h4 Rf8 32. Bf4 Kf7 33. Ra1 h6 34. Ra5
Qd8 35. Qe3 Rh8 36. Rh3 Qd7 37. Qe2 Bf8 38. Qa2 Be7 39. Qd2 Qb7 40. f3 Bf8 41.
g4 Rd8 42. gxf5 gxf5 43. Kh2 Bxf3 44. Rxf3 Rxd4 45. Qxd4 Qxf3 46. Qe3 Qc6 47.
Qe2 Rg8 48. Bg3 Rg4 49. Ra1 Be7 50. Rf1 h5 51. Kh3 Kg6 52. Qe3 Bxh4 53. Rf3 0-1

[Event "FRA-chT"]
[Site "FRA"]
[Date "1998.04.05"]
[Round "7"]
[White "Hauchard, Arnaud"]
[Black "Pinter, Jozsef"]
[Result "1/2-1/2"]
[WhiteElo "2480"]
[BlackElo "2590"]
[PlyCount "82"]
[EventDate "1998.02.06"]
[Source "ChesBase"]
[SourceDate "1998.07.07"]

1. d4 Nf6 2. c4 e6 3. Nc3 Bb4 4. Qc2 O-O 5. a3 Bxc3+ 6. Qxc3 b6 7. Bg5 Bb7 8.
Nf3 d6 9. e3 Nbd7 10. Be2 Qe8 11. Bh4 Ne4 12. Qc2 a5 13. b3 f5 14. O-O Qg6 15.
Bg3 Ndf6 16. Rfe1 Ng4 17. Bd3 Qh6 18. Qe2 Nxg3 19. fxg3 Be4 20. h3 Nf6 21. Nd2
Qg5 22. Bxe4 fxe4 23. Kh2 c5 24. Rf1 d5 25. Rf4 Nh5 26. Rg4 Qe7 27. cxd5 exd5
28. Qb5 Nf6 29. Rf4 Qd6 30. dxc5 bxc5 31. Rc1 Rfc8 32. a4 h6 33. Rf5 Qc7 34.
Rcf1 Rcb8 35. Qe2 Rb6 36. Qf2 Re8 37. Rd1 Rc6 38. Kg1 Re5 39. g4 Rxf5 40. Qxf5
Qg3 41. Nf1 Qb8 1/2-1/2